000 00956nam a2200229 i 4500
001 166601
003 ES-MaACL
005 20250905144750.0
008 950103s1853 sp |||| | spa d
040 _aEUS
_bspa
_cEUS
245 0 0 _aTratados de legislación musulmana.
260 _aMadrid :
_bReal Academia de la Historia,
_c1853 (
_fImprenta de la Real Academia de la Historia)
300 _a510 p. ;
_c23 cm.
490 1 _aMemorial histórico español ;
_v5
505 8 _aContiene: 1º Leyes de moros del siglo XIV ; 2º Suma de los principales mandamientos y devedamientos de la ley y çunna... / por Içe de Gerbir (fechada en 1462)
650 0 7 _aDerecho musulmán
_2embne
_911742
650 4 _aIslamismo-
_xDoctrinas-
_vObras anteriores a 1800.
_9156636
700 1 _aIsa ibn Jabir,
_dfl. 1450
_9156637
830 0 0 _aMemorial histórico español
_v5
_9187759
852 _aES-MaACL
_jC-19310
_z-- Enc. hol.
999 _c166601
_d166601